| 000 | 00552nam a2200181Ia 4500 | ||
|---|---|---|---|
| 005 | 20250423095346.0 | ||
| 008 | 250422s9999 xx 000 0 und d | ||
| 020 | _a9780273735113 | ||
| 050 | _aHB 371.7 2008 .B83/ | ||
| 100 | _aBuckley, Adrian. | ||
| 245 | 0 | _aFinancial crisis : causes, context and consequences | |
| 260 | _aHarlow | ||
| 260 | _bPrentice Hall | ||
| 260 | _c2011 | ||
| 300 | _a342 p | ||
| 650 | _aGlobal Financial Crisis International finance. Loans, Foreign. Banks and banking_Corrupt practices. Monetary policy. | ||
| 942 | _cBK | ||
| 999 |
_c30036 _d30036 |
||